| 000 | 00927cam a2200253Ma 4500 | ||
|---|---|---|---|
| 005 | 20160914104943.0 | ||
| 008 | 160825s1986 ck a fr 000 0 spa d | ||
| 035 | _a(OCoLC)18397237 | ||
| 040 |
_aCO-BoUCM _bspa _cSandra Palacio _dSandra Palacio |
||
| 041 | 0 | _aspa | |
| 100 | 1 |
_aFlórez O., Rafel _979158 |
|
| 245 | 0 | 0 |
_aCuatro ensayos sobre pedagogía y saber _cRafael Flórez O. [y otros autores] |
| 260 |
_aMedellín (Antioquia, Colombia) _bLealon _c1986 |
||
| 300 |
_a174 páginas _bilustraciones |
||
| 504 | _aIncluye referencias bibliográficas | ||
| 650 | 7 |
_aCiencia _xEstudio y enseñanza _zColombia _910767 |
|
| 650 | 7 |
_aEducación _xFilosofía _929039 |
|
| 690 |
_aTeoría de la educación _925273 |
||
| 700 | 1 |
_aAevedo C., Jairo _979159 |
|
| 700 | 1 |
_aBedoya M., José Iván _979160 |
|
| 700 | 1 |
_aZapata V. Vladimir _979161 |
|
| 942 |
_2DEWEY _a10 _cLIBRO _e1 _h370 _mF645cu |
||
| 999 |
_c304145 _d304145 |
||